000 00712nam a2200217Ia 4500
001 9875
003 GE_BSU
008 181216s||||||||xx |||||||||||||| ||und||
040 _cGE_BSU
080 _a82-93:821.353.1-1+821.353.1
100 _aმღვიმელი,შიო
245 _aლექსები, პოემები
245 _cსარედ.კოლ.მინდია არაბული და სხვ.მხატვ.გურამ ღლონტი
260 _aთბილისი
260 _bნაკადული
260 _c1996
300 _a320გვ.20სმ.
541 _h7ლ.
653 _aლექსები, პოემები
942 _cBK
999 _c43154
_d43154